<?xml version='1.0' encoding='UTF-8'?>
  <record xmlns="http://www.loc.gov/MARC21/slim">
    <leader>00000ckm a22000007i 4500</leader>
    <controlfield tag="001">ocn931899253</controlfield>
    <controlfield tag="003">OCoLC</controlfield>
    <controlfield tag="005">20231213210205.5</controlfield>
    <controlfield tag="008">150202s1600    ne nnn            cnlat d</controlfield>
    <datafield tag="040" ind1=" " ind2=" ">
      <subfield code="a">NLGGC</subfield>
      <subfield code="b">dut</subfield>
      <subfield code="e">fobidrtb</subfield>
      <subfield code="c">NLGGC</subfield>
      <subfield code="d">QGJ</subfield>
      <subfield code="d">OCLCA</subfield>
      <subfield code="d">OCLCO</subfield>
      <subfield code="d">OCLCQ</subfield>
      <subfield code="d">OCLCL</subfield>
    </datafield>
    <datafield tag="035" ind1=" " ind2=" ">
      <subfield code="a">(OCoLC)931899253</subfield>
    </datafield>
    <datafield tag="245" ind1="0" ind2="0">
      <subfield code="a">Germanici Aratea Phaenomena Centaurus /</subfield>
      <subfield code="c">[Aratus van Soloi] ; [grav. van Jacob de Gheyn de Jongere]</subfield>
      <subfield code="f">002337338.</subfield>
    </datafield>
    <datafield tag="246" ind1="3" ind2=" ">
      <subfield code="a">Aratea Phaenomena Centaurus</subfield>
    </datafield>
    <datafield tag="260" ind1=" " ind2=" ">
      <subfield code="a">[Leiden] :</subfield>
      <subfield code="b">[Christophorus Raphelengius],</subfield>
      <subfield code="c">[1600]</subfield>
    </datafield>
    <datafield tag="300" ind1=" " ind2=" ">
      <subfield code="a">1 prent. :</subfield>
      <subfield code="b">kopergrav. ;</subfield>
      <subfield code="c">16 x 14 cm</subfield>
    </datafield>
    <datafield tag="336" ind1=" " ind2=" ">
      <subfield code="a">niet-bewegend beeld</subfield>
      <subfield code="b">sti</subfield>
      <subfield code="2">rdacontent/dut</subfield>
    </datafield>
    <datafield tag="337" ind1=" " ind2=" ">
      <subfield code="a">zonder medium</subfield>
      <subfield code="b">n</subfield>
      <subfield code="2">rdamedia/dut</subfield>
    </datafield>
    <datafield tag="338" ind1=" " ind2=" ">
      <subfield code="a">vel</subfield>
      <subfield code="b">nb</subfield>
      <subfield code="2">rdacarrier/dut</subfield>
    </datafield>
    <datafield tag="500" ind1=" " ind2=" ">
      <subfield code="a">Deze plaat toont de Kentaur en de Wolf, twee zuidelijke sterrenbeelden die beschreven werden in de 'Phainomena' van Aratus van Soloi (ca. 315-ca. 240 v. Chr.). In dit gedicht, dat omstreeks 275 voor Christus werd geschreven, beschreef Aratus de klassieke Griekse sterrenbeelden (45 in totaal volgens zijn telling), hun ligging op de hemelsfeer en de weertekens. Tegenoverliggend is de Latijnse vertaling van Germanicus Caesar (verzen 414-425).</subfield>
    </datafield>
    <datafield tag="500" ind1=" " ind2=" ">
      <subfield code="a">Verschenen in: Hug. Grotii Batavi Syntagma Arateorum : opus poeticae et astronomiae studiosis utilissimum, quo quae contineantur versa pagella indicabit' (Leiden: ex officina Plantiniana apud Christophorum Raphelengium, 1600), sectie met titel 'Aratea phaenomena Germanico Caesare interprete' (p. 74-75).</subfield>
    </datafield>
    <datafield tag="535" ind1="1" ind2=" ">
      <subfield code="a">Utrecht, UB</subfield>
      <subfield code="g">ne</subfield>
    </datafield>
    <datafield tag="700" ind1="1" ind2=" ">
      <subfield code="a">Groot, Hugo de,</subfield>
      <subfield code="d">1583-1645.</subfield>
      <subfield code="1">https://id.oclc.org/worldcat/entity/E39PBJc7VpRqDjvRvxqRtXDXh3</subfield>
    </datafield>
    <datafield tag="700" ind1="0" ind2=" ">
      <subfield code="a">Aratus Solensis.</subfield>
    </datafield>
    <datafield tag="700" ind1="0" ind2=" ">
      <subfield code="a">Germanicus Julius Caesar,</subfield>
      <subfield code="d">15 B.C.-19 A.D.</subfield>
    </datafield>
    <datafield tag="700" ind1="1" ind2=" ">
      <subfield code="a">Gheyn, Jacob de,</subfield>
      <subfield code="d">1565-1629.</subfield>
      <subfield code="1">https://id.oclc.org/worldcat/entity/E39PBJqVPPR8jwkmKThjb6kVYP</subfield>
    </datafield>
    <datafield tag="856" ind1="4" ind2=" ">
      <subfield code="u">http://objects.library.uu.nl/reader/resolver.php?obj=002337338&amp;type=2</subfield>
      <subfield code="z">Map</subfield>
    </datafield>
  </record>